Rainbow Trout - Native Range - Statistics

General Stats
  • This quiz has been taken 14 times
  • The average score is 9 of 10
Answer Stats
Answer % Correct
Alaska
100%
California
100%
Idaho
100%
Montana
100%
Oregon
100%
Washington
100%
British Columbia
92%
Alberta
83%
Nevada
83%
Baja California
25%
No matching quizzes found
Score Distribution
Percent of People with Each Score
Percentile by Number Answered
Your Score History
You have not taken this quiz